SNL - Norm Macdonald Impressions Quiz Stats

 Plays Quiz Updated Sep 2, 2017

Challenge
Share
Tweet
Score 0/15 Timer 03:00
0 Plays Today
% Correct
Larry King
97%
Lou Gehrig
94.9%
Quentin Tarantino
94%
David Letterman
93.6%
Tommy Lee
92.9%
Dr. Jack Kevorkian
92.8%
Burt Reynolds
92.6%
George Burns
88.6%
% Correct
Bob Dole
88.1%
Clint Eastwood
84.6%
Slim Pickens
83.7%
Juan Perón
83.6%
Charles Kuralt
83.4%
Flea
77.5%
Andy Rooney
76.5%

You're not logged in!

Compare scores with friends on all Sporcle quizzes.
OR
Log In

You Might Also Like...

Show Comments

Extras

Top Quizzes Today


Score Distribution

Your Account Isn't Verified!

In order to create a playlist on Sporcle, you need to verify the email address you used during registration. Go to your Sporcle Settings to finish the process.

Report this User

Report this user for behavior that violates our Community Guidelines.

Details: